1957 1306 1820 1886 1315 1404 1342 1496 1719 1065 1268 1552 1869 1564 1313 1143 1863 1371 1930 1797 1372 1873 1960 1947 1278 1938 1214 1123 1001 1934 1355 1584 1526 1901 1211 1701 1897 1298 1943 1535 1257 1768 1961 1555 1579 1277 1565 1153 1817 1546 1750 1611 1821 1504 1153 1985 1510 1883 1644 1434 1927 1158 1572 1582 1364 1415 1376 1762 1936 1961 1303 1500 1698 1285 1820 1564 1430 1238 1033 1390 1949 1512 1833 1521 1539 1857 1426 1657 1738 1465 1662 1304 1752 1093 1363 1183 1290 1636 1969 BCNSPRNW ULIB Ver.6.0+V

เปลี่ยนเป็นภาษาไทย

Change to English
 แสดงรายละเอียดบรรณานุกรม
  กลับหน้าหลัก

Brief Record : Get Marc (ISO 2709) : E-mail record : QR code < ปิดหน้าต่าง
LEADER : 00000nam 2200000uu 4500
001    13399127477
003     ULIB
008    200604s2018||||th 000 0 tha d
020    ^a9781975134877 (alk. paper)
060 04 ^aWQ18.2^bC156B
100 1  ^aCallahan, Tamara L.
245 10 ^aBlueprints obstetrics & gynecology /^cTamara Callahan,Aaron B. Caughey
246 1  ^aObstetrics & gynecology
246 1  ^aBlueprints obstetrics and gynecology
250    ^a7th ed.
260    ^aBaltimore, MD :^bWolters Kluwer Health/Lippincott Williams& Wilkins,^c2018
300    ^axiv, 590 p. :^bill. (some col.) ;^c26 cm.
504    ^aIncludes bibliographical references and index
650  2 ^aPregnancy Complications^vExamination Questions
650  2 ^aGenital Diseases, Female^vExamination Questions
700 1  ^aCaughey, Aaron B.
830  0 ^aBlueprints
945    ^p0^l0^i28383
999    ^aกัณชพร จุลอักษร
รายการนี้ยังไม่มีแท็ก
คุณยังไม่ได้ล็อกอิน คุณสามารถมีกิจกรรมร่วมกับเว็บไซต์ได้ แต่ต้องล็อกอินก่อน ::
  ล็อกอิน

รายการสื่อสารสนเทศ

ลำดับที่ ประเภท เลขเรียก/บาร์โค้ด สถานที่ สถานะ
1. หนังสือสำรอง
หนังสือสำรอง
WQ18.2 C156B ฉ.1 
  Barcode: 28383
ห้องสมุดวิทยาเขตนครสวรรค์
►หนังสือทั่วไป:l:General Books
บนชั้น

รายการใกล้เคียง
    ผู้แต่ง [Callahan, Tamara L.]

BibComment


ยังไม่เคยถูกคอมเมนท์

คอมเมนท์ทรัพยากรรายการนี้
  คอมเมนท์: Blueprints obste..


 Copyright 2026. Bcnsprnw @Library